000 00273nam a2200109Ia 4500
001 588915
005 20250717120839.0
008 250717s9999 xx 000 0 und d
245 0 _aY-8 MASAL İSTANBUL
_cFİGEN YAMAN COŞAR
260 _bERDEM YAYINLARI
_c2020
300 _b192
999 _c588915
_d588915